000
00290nam a22001337a 4500
020
_a
0-7195-6485-9
082
_a
823
_b
HAR/B
100
_a
HARDY, JUSTINE
245
_a
BOLLYWOOD BOY
260
_a
LONDON
_b
JOHN MURRAY
_c
2003
300
_a
264
650
_a
NOVEL
_z
UNITED KINGDOM
942
_c
BK
999
_c
3299
_d
3299